Name a Valid Bordering Subdivision by Random Country - Statistics

General Stats
  • This quiz has been taken 333 times
  • The average score is 10 of 20
Answer Stats
Country # Bordering Subdivisions % Correct
Switzerland 17 Auvergne-Rhone-Alpes | Bourgogne-Franche-Comte | Grand Est | Baden- Wurttemberg | Ruggell | Gamprin | Eschen | Schaan | Vaduz | Triesen | Balzers | Trentino-South Tyrol | Lombardy | Piedmont | Aosta Valley | Vorarlberg | Tyrol
100%
Mexico 10 California | Arizona | New Mexico | Texas | Corozal | Orange Walk | Peten | Quiche | Huehuetenango | San Marcos
100%
Andorra 2 Catalonia | Occitanie
100%
France 35 Flanders | Wallonia | Esch-sur-Alzette | Remich | Saarland | Rhineland-Palatinate | Baden-Wurttemberg | Basel-Stadt | Basel-Landschaft | Jura | Neuchatel | Vaud | Geneva | Valais | Aosta Valley | Piedmont | Liguria | La Rousse | Monte-Carlo | Ravin de Sainte-Devote | Les Moneghetti | Jardin Exotique | Larvotto | Fontvieille | Catalonia | Encamp | Canillo | Ordino | La Massana | Aragon | Navarre | Basque | Amapa | Sipaliwini | Marowijne
100%
Poland 18 Kaliningrad | Marijampole | Alytus | Grodno | Brest | Volyn | Lviv | Zakarpattia | Presov | Zilina | Moravian-Silesian | Olomouc | Pardubice | Hradec Kralove | Liberec | Saxony | Brandenburg | Mecklenburg-Vorpommern
100%
North Macedonia 12 Korce | Elbasan | Diber | Kukes | Prizren | Ferizaj | Gjilan | Pcinja | Kyustendil | Blagoevgrad | Central Macedonia | Western Macedonia
100%
Russia 65 Troms og Finnmark | Lapland | North Ostrobothnia | Kainuu | North Karelia | South Karelia | Kymenlaakso | Ida-Viru | Tartu | Polva | Voru | Aluksne | Vilaka | Baltinava | Karsava | Cibla | Ludza | Zilupe | Klaipeda | Taurage | Marijampole | Podlaskie | Warmian-Masurian | Vitebsk | Mogilev | Gomel | Chernihiv | Sumy | Kharkiv | Luhansk | Donetsk | Abkhazia | Samegrelo-Zemo Svaneti | Racha- Lechkhumi and Kvemo Svaneti | Shida Kartli | Mtskheta-Mtianeti | Kakheti | Balakan | Zaqatala | Qakh | Shaki | Oghuz | Qabala | Qusar | Khachmaz | West Kazakhstan | Aktobe | Kostanay | North Kazakhstan | Pavlodar | East Kazakhstan | Xinjiang Uyghur | Bayan-Ulgi | Uvs | Zavkhan | Khuvsgul | Bulgan | Selenge | Khentii | Dornod | Inner Mongolia | Heilongjiang | Jilin | North Hamgyong | Rason
100%
Belgium 12 Zeeland | North Brabant | Limburg | North Rhine-Westphalia | Rhineland- Palatinate | Clervaux | Wiltz | Redange | Capellen | Esch-sur-Alzette | Grand Est | Hauts-de-France
100%
Portugal 4 Galicia | Castile and Leon | Extremadura | Andalusia
93%
Czech Republic 10 Bavaria | Saxony | Lower Silesian | Opole | Silesian | Zilina | Trencin | Trnava | Lower Austria | Upper Austria
92%
Georgia 19 Krasnodar | Karachay-Cherkessia | Kabardino-Balkar | North Ossetia-Alania | Ingushetia | Chechnya | Dagestan | Balakan | Zaqatala | Qakh | Samukh | Tovuz | Agstafa | Qazakh | Tavush | Lori | Shirak | Ardahan | Artvin
91%
Italy 32 Provence-Alpes-Cote d'Azur | Auvergne-Rhone-Alpes | Valais | Ticino | Grisons | Tyrol | Salzburg | Carinthia | Kranjska Gora | Bovec | Kobarid | Tolmin | Kanal | Brda | Nova Gorica | Sempter-Vrtojba | Miren-Kostanjevica | Komen | Sezana | Hrpelje-Kozina | Koper | Ankaran | Serravalle | Domagnano | Faetano | Montegiardino | Fiorentino | Chiesanuova | City of San Marino | Acquaviva | Borgo Maggiore | Vatican City
91%
Spain 20 Faro | Beja | Evora | Portalegre | Castelo Branco | Guarda | Braganca | Vila Real | Braga | Viana do Castelo | Nouvelle-Aquitaine | Occitanie | La Massana | Andorra la Vella | Sant Julia de Loria | Escaldes-Endorgany | Encamp | Gibraltar | Tanger-Tetouan-Al Hoceima | Oriental
90%
Canada 11 Washington | Idaho | Montana | North Dakota | Minnesota | Michigan | New York | Vermont | New Hampshire | Maine | Alaska
90%
India 32 Sindh | Punjab | Azad Jammu and Kashmir | Gilgit-Baltistan | Xinjiang Uyghur | Tibet | Sudurpashchim | Province No. 5 | Gandaki | Bagmati | Province No. 2 | Province No. 1 | Haa | Samtse | Chhukha | Dagana | Sarpang | Zhemgang | Pema Gatshel | Samdrup Jongkhar | Trashigang | Trashi Yangtse | Kachin | Sagaing | Chin | Chittagong | Tripura | Sylhet | Meghalaya | Rangpur | Rajshahi | Khulna
89%
Hungary 26 Burgenland | Bratislava | Trnava | Nitra | Banska Bystrica | Kosice | Zakarpattia | Satu Mare | Bihor | Arad | Timis | North Banat | North Backa | West Backa | Osijek-Baranja | Virovitica-Podravina | Koprivnica-Krizevci | Medimurje | Lendava | Dobrovnik | Kobilje | Moravske Toplice | Salovci | Hodos | Gornji Petrovci | Kuzma
88%
Austria 45 Friuli-Venezia Giulia | Veneto | Trentino-South Tyrol | Grisons | Triesenberg | Schaan | Balzers | Planken | Eschen | Mauren | Schellenberg | Ruggell | St. Gallen | Thurgau | Baden-Wurttemberg | Bavaria | South Bohemian | Vysocina | South Moravian | Trnava | Bratislava | Gyor-Moson-Sopron | Vas | Kuzma | Rogasovci | Cankova | Tisina | Gornja Radgona | Apace | Sentilj | Kungota | Selnica ob Dravi | Podvelka | Radlje ob Dravi | Muta | Dravograd | Ravne na Koroskem | Prevalje | Mezica | Crna na Koroskem | Solcava | Jezersko | Trzic | Jesenice | Kranjska Gora
87%
Venezuela 11 Guainia | Vichada | Arauca | Boyaca | Norte de Santander | Cesar | La Guajira | Barima-Waini | Cuyuni-Mazaruni | Roraima | Amazonas
86%
Vatican City 1 Lazio
86%
Colombia 10 Loreto | Sucumbios | Carchi | Esmeraldas | Zulia | Tachira | Apure | Amazonas | Amazonas | Darien
86%
United States 13 British Columbia | Alberta | Saskatchewan | Manitoba | Ontario | Quebec | Yukon | Baja California | Sonora | Chihuahua | Coahuila | Nuevo Leon | Tamaulipas
83%
Slovenia 12 Friuli-Venezia Giulia | Carinthia | Styria | Vas | Zala | Medimurje | Varazdin | Krapina-Zagorje | Zagreb | Karlovac | Primorje-Gorski Katar | Istria
83%
Ireland 1 Northern Ireland
81%
Netherlands 4 Lower Saxony | North Rhine-Westphalia | Wallonia | Flanders
78%
Nepal 6 Tibet | Sikkim | West Bengal | Bihar | Uttar Pradesh | Uttarakhand
78%
Suriname 4 East Berbice-Corentyne | French Guiana | Amapa | Para
75%
Kenya 20 Eastern Equatoria | Southern Nations, Nationalities and Peoples' Region | Oromia | Somali | Gedo | Lower Juba | Tanga | Kilimanjaro | Arusha | Mara | Kaabong | Moroto | Amudat | Bukwa | Kween | Sironko | Bududa | Namisindwa | Tororo | Busia
75%
Mozambique 15 KwaZulu-Natal | Lubombo | Mpumalanga | Limpopo | Masvingo | Manicaland | Mashonaland East | Mashonaland Central | Lusaka | Eastern | Southern | Central | Northern | Ruvuma | Mtwara
75%
Uzbekistan 15 Mangystau | Aktobe | Kyzylorda | Turkistan | Talas | Jalal-Abad | Osh | Batken | Sughd | Districts of Republican Subordination | Khatlon | Balkh | Lebap | Dasoguz | Balkan
75%
Ecuador 6 Narino | Putumayo | Loreto | Amazonas | Cajamarca | Piura
75%
Jordan 11 Southern | Judea and Samaria Area | Northern | Daraa | As-Suwayda | Rif Dimashq | Homs | Al Anbar | Northern Borders | Jawf | Tabuk
75%
Israel 11 South Sinai | North Sinai | South | Nabatieh | Quneitra | Irbid | Balqa | Madaba | Karak | Tafilah | Aqaba
75%
Germany 34 West Pomeranian | Lubusz | Lower Silesian | Liberec | Usti nad Labem | Karlovy Vary | Plzen | South Bohemian | Upper Austria | Salzburg | Tyrol | Vorarlberg | St. Gallen | Thurgau | Schaffhausen | Zurich | Aargau | Basel-Landschaft | Basel-Stadt | Grand Est | Remich | Grevenmacher | Echternach | Diekirch | Vianden | Clervaux | Wallonia | Limburg | North Brabant | Gelderland | Overjissel | Drenthe | Groningen | Syddanmark
75%
Pakistan 19 Sistan and Baluchestan | Nimruz | Helmand | Kandahar | Zabul | Paktika | Khost | Paktia | Logar | Nangarhar | Kunar | Nuristan | Badakhshan | Xinjiang Uyghur | Ladakh | Jammu and Kashmir | Punjab | Rajasthan | Gujarat
73%
Slovakia 15 Lower Austria | South Moravian | Zlin | Moravian-Silesian | Silesian | Lesser Poland | Subcarpathian | Zakarpattia | Szabolcs-Szatmar-Bereg | Borsod-Abauj- Zemplen | Nograd | Pest | Komarom-Esztregom | Gyor-Moson-Sopron | Burgenland
71%
Papua New Guinea 1 Papua
71%
Monaco 1 Provence-Alpes-Cote d'Azur
71%
China 58 Quang Ninh | Lang Son | Cao Bang | Ha Giang | Lao Cai | Lai Chau | Dien Bien | Phongsali | Oudomxai | Luang Namtha | Shan | Wa | Kokang | Pa Laung | Kachin | Arunachal Pradesh | Trashi Yangtse | Lhuentse | Bumthang | Gasa | Thimphu | Paro | Haa | Sikkim | Province No. 1 | Bagmati | Gandaki | Karnali | Uttarakhand | Sudurpashchim | Himachal Pradesh | Ladakh | Gilgit-Baltistan | Badakhshan | Gorno-Badakhshan | Osh | Naryn | Issyk-Kul | Almaty | East Kazakhstan | Altai | Bayan-Ulgii | Khovd | Govi-Altai | Bayankhongor | Umnugovi | Dornogovi | Sukhbaatar | Dornod | Zabaykalsky | Amur | Khabarovsk | Jewish | Primorsky | North Hamgyong | Ryanggang | Chagang | North Pyongan
71%
Mongolia 7 Altai | Tuva | Buryatia | Zabaykalsky | Inner Mongolia | Gansu | Xinjiang Uyghur
70%
Lithuania 19 Rucava | Priekule | Vainode | Saldus | Auce | Tervete | Jelgava | Rundale | Bauska | Vecumnieki | Nereta | Viesite | Akniste | Ilukste | Daugavpils | Vitebsk | Grodno | Podlaskie | Kaliningrad
70%
Luxembourg 4 Wallonia | Rhineland-Palatinate | Saarland | Grand Est
70%
Guatemala 12 Chiapas | Tabasco | Campeche | Orange Walk | Cayo | Toledo | Cortes | Santa Barbara | Copan | Ocotepeque | Santa Ana | Ahuachapan
69%
Kazakhstan 17 Chelyabinsk | Kurgan | Tyumen | Omsk | Novosibirsk | Altai | Altai | Xinjiang Uyghur | Issyk-Kul | Chuy | Talas | Tashkent | Sirdaryo | Jizzakh | Navoiy | Karakalpakstan | Balkan
67%
Turkey 19 Eastern Macedonia and Thrace | Haskovo | Yambol | Burgas | Adjara | Samtskhe- Javakheti | Shirak | Aragatsotn | Armavir | Ararat | Sadarak | West Azerbaijan | Erbil | Duhok | Al-Hasakah | Raqqa | Aleppo | Idlib | Latakia
67%
Botswana 11 Hardap | Omaheke | Otjozondjupa | Kavango East | Zambezi | Southern | Matabeleland North | Matabeleland South | Limpopo | North West | Northern Cape
67%
South Sudan 23 Haut-Mbomou | Haute-Kotto | South Darfur | East Darfur | West Kordofan | South Kordofan | White Nile | Sennar | Benishangul-Gumuz | Oromia | Gambela | Southern Nations, Nationalities and Peoples' Region | Turkana | Kaabong | Kitgum | Lamwo | Amuru | Adjumani | Moyo | Yumbe | Koboko | Ituri | Haut-Uele
67%
South Africa 25 Karas | Hardap | Kgalagadi | Southern | South-East | Kgatleng | Central | Matabeleland South | Masvingo | Gaza | Maputo | Hhohho | Manzini | Shiselweni | Lubombo | Mokhotlong | Butha-Buthe | Leribe | Berea | Maseru | Mafeteng | Mohale's Hoek | Quthing | Qacha's Nek | Thaba-Tseka
67%
Finland 5 Norrbotten | Troms og Finnmark | Murmansk | Karelia | Leningrad
67%
Syria 15 Northern | Beqaa | Baalbek-Hermel | Akkar | Hatay | Gaziantep | Kilis | Sanliurfa | Mardin | Sirnak | Duhok | Nineveh | Al Anbar | Mafraq | Irbid
67%
Croatia 43 Piran | Koper | Hrpelje-Kozina | Ilirska Bistrica | Loska Dolina | Loski Potok | Osilnica | Kostel | Kocevje | Crnomelj | Metlika | Novo Mesto | Sentjernej | Kostanjevica na Krki | Krsko | Brezice | Bistrica ob Sotli | Podcetrtek | Rogaska Slatina | Rogatec | Zetale | Podlehnik | Videm | Cirkulane | Zavrc | Gorisnica | Ormoz | Sredisce ob Dravi | Ljutomer | Razkrizje | Crensovci | Lendava | Zala | Somogy | Baranya | Bacs-Kiskun | West Backa | South Backa | Srem | Republika Srpska | Brcko | Federation of Bosnia and Herzegovina | Herceg Novi
67%
Morocco 10 Tlemcen | Naama | Bechar | Beni Abbes | Tindouf | Tiris Zemmour | Adrar | Dakhlet Nouadhibou | Ceuta | Melilla
67%
Kyrgyzstan 11 Turkistan | Jambyl | Almaty | Xinjiang Uyghur | Gorno-Badakhshan | Districts of Republican Subordination | Sughd | Fergana | Andijan | Namangan | Tashkent
67%
Ukraine 30 Subcarpathian | Lublin | Brest | Gomel | Bryansk | Kursk | Belgorod | Voronezh | Rostov | Crimea | Tulcea | Gagauzia | Cahul | Taraclia | Basarabeasca | Cimislia | Causeni | Stefan Voda | Transnistria | Soroca | Donduseni | Ocnita | Briceni | Botosani | Suceava | Maramures | Satu Mare | Szabolcs-Szatmar-Bereg | Kosice | Presov
64%
Montenegro 8 Dubrovnik-Neretva | Republika Srpska | Zlatibor | Raska | Peja | Gjakova | Kukes | Shkoder
63%
Iraq 14 Eastern Province | Northern Borders | Mafraq | Homs | Deir ez-Zor | Al-Hasakah | Sirnak | Hakkari | West Azerbaijan | Kurdistan | Kermanshah | Ilam | Khuzestan | Jahra
63%
Liechtenstein 3 Grisons | St. Gallen | Vorarlberg
63%
Serbia 26 Republika Srpska | Vukovar-Srijem | Osijek-Baranja | Bacs-Kiskun | Csongrad | Timis | Caras-Severin | Mehedinti | Vidin | Montana | Sofia | Pernik | Kyustendil | Kriva Palanka | Rankovce | Staro Nagoricane | Kumanovo | Lipkovo | Gjilan | Pristina | Mitrovica | Peja | Rozaje | Petnjica | Bijelo Polje | Pljevlja
63%
Bolivia 14 Antofagasta | Tarapaca | Arica and Parinacota | Tacna | Puno | Madre de Dios | Acre | Rondonia | Mato Grosso | Mato Grosso do Sul | Alto Paraguay | Boqueron | Salta | Jujuy
60%
Mali 23 Kankan | Faranah | Labe | Kedougou | Tambacounda | Guidimaka | Assaba | Hodh El Gharbi | Hodh Ech Chargui | Adrar | Tiris Zemmour | Bordj Baji Mokhtar | In Guezzam | Agadez | Tahoua | Tillaberi | Sahel | Nord | Boucle du Mouhoun | Hauts-Bassins | Cascades | Savanes | Denguele
60%
Latvia 11 Parnu | Viljandi | Valga | Voru | Pskov | Vitebsk | Utena | Panevezys | Siauliai | Telsiai | Klaipeda
60%
Sudan 20 Sila | Ouaddai | Wadi Fira | Ennedi-Est | Kufra | New Valley | Red Sea | Northern Red Sea | Anseba | Gash-Barka | Tigray | Amhara | Benishangul-Gumuz | Upper Nile | Ruweng | Warrap | Northern Bahr el Ghazal | Western Bahr el Ghazal | Haute-Kotto | Vakaga
60%
Moldova 8 Tulcea | Galati | Vaslui | Iasi | Botosani | Chernivtsi | Vinnytsia | Odessa
60%
Norway 8 Vastra Gotaland | Varmland | Dalarna | Jamtland | Vasterbotten | Norrbotten | Lapland | Murmansk
60%
Republic of the Congo 16 Nyanga | Ngounie | Ogooue-Lolo | Haut-Ogooue | Ogooue-Ivindo | Woleu-Ntem | South | East | Sangha-Mbaere | Lobaye | Sud-Ubangi | Equateur | Mai-Ndombe | Kinshasa | Kongo Central | Cabinda
58%
D. R. Congo 54 Cabinda | Niari | Bouenza | Pool | Brazzaville | Plateaux | Cuvette | Likouala | Lobaye | Ombella-M'Poko | Kemo | Ouaka | Basse-Kotto | Mbomou | Haut- Mbomou | Western Equatoria | Central Equatoria | Koboko | Maracha | Arua | Zombo | Nebbi | Pakwach | Buliisa | Hoima | Kibuube | Ntoroko | Bundibugyo | Kasese | Rubirizi | Kanungu | Kisoro | Northern | Western | Cibitoke | Bubanza | Bujumbura Rural | Bujumbura Mairie | Rumonge | Makamba | Kigoma | Katavi | Rukwa | Northern | Luapula | Central | Copperbelt | North-Western | Moxico | Lunda Sul | Lunda Norte | Malanje | Uige | Zaire
57%
Argentina 31 Rio Negro | Paysandu | Salto | Artigas | Rio Grande do Sul | Santa Catarina | Parana | Alto Parana | Itapua | Misiones | Neembucu | Central | Distrito Capital | Presidente Hayes | Boqueron | Tarija | Potosi | Antofagasta | Atacama | Coquimbo | Valparaiso | Santiago | O'Higgins | Maule | Nuble | Biobio | Araucania | Los Rios | Los Lagos | Aysen | Magallanes
57%
Bhutan 5 Tibet | Arunachal Pradesh | Assam | West Bengal | Sikkim
57%
Oman 7 Al Mahrah | Najran | Eastern Province | Abu Dhabi | Sharjah | Ras Al Khaimah | Fujairah
56%
Algeria 19 Jendouba | Kef | Kasserine | Gafsa | Tozeur | Kebili | Tataouine | Nalut | Wadi al Shatii | Ghat | Murzuq | Agadez | Kidal | Taoudenit | Tiris Zemmour | Guelmim-Oued Noun | Souss-Massa | Draa-Tafilalet | Oriental
56%
Namibia 10 Namibe | Cunene | Cuando Cubango | Western | Southern | Chobe | North-West | Ghanzi | Kgalagadi | Northern Cape
56%
Laos 33 Ratanak Kiri | Steung Treng | Preah Vihear | Trat | Chanthaburi | Sa Kaeo | Buriram | Surin | Sisaket | Ubon Ratchathani | Amnat Charoen | Mukdahan | Nakhon Phanom | Bueng Kan | Nong Khai | Loei | Phitsanulok | Uttaradit | Nan | Phayao | Chiang Rai | Shan | Yunnan | Dien Bien | Son La | Thanh Hoa | Nghe An | Ha Tinh | Quang Binh | Quang Tri | Thua Thien-Hue | Quang Nam | Kon Tum
56%
Brazil 29 Rocha | Treinta y Tres | Rivera | Salto | Artigas | Corrientes | Misiones | Alto Parana | Canindeyu | Amambay | Concepcion | Alto Paraguay | Santa Cruz | Beni | Pando | Madre de Dios | Ucayali | Loreto | Amazonas | Vaupes | Guainia | Amazonas | Bolivar | Cuyuni-Mazaruni | Potaro-Siparuni | Upper Takutu-Upper Essequibo | East Berbice-Corentyne | Sipaliwini | French Guiana
56%
Bangladesh 5 West Bengal | Assam | Mizoram | Chin | Rakhine
56%
Cyprus 1 Akrotiri and Dhekelia
55%
Saudi Arabia 21 Aqaba | Ma'an | Amman | Zarqa | Mafraq | Al Anbar | Najaf | Muthanna | Jahra | Ahmadi | Al Rayyan | Al Wakrah | Abu Dhabi | Ad Dhahirah | Al Wusta | Dhofar | Al Mahrah | Hadramaut | Al Jawf | Sa'dah | Hajjah
50%
Djibouti 4 Awdal | Somali | Afar | Southern Red Sea
50%
Chad 14 Diffa | Agadez | Murzuq | Kufra | North Darfur | West Darfur | Central Darfur | Vakaga | Bamingui-Bangoran | Ouham | Ouham-Pende | North | Far North | Borno
50%
Uruguay 3 Entre Rios | Corrientes | Rio Grande do Sul
50%
North Korea 5 Liaoning | Jilin | Primorsky | Gangwon | Gyeonggi
50%
United Kingdom 5 Louth | Monaghan | Cavan | Leitrim | Donegal
50%
Afghanistan 12 Sistan and Baluchestan | South Khorasan | Razavi Khorasan | Mary | Lebap | Surxondaryo | Khatlon | Gorno-Badakhshan | Xinjiang Uyghur | Gilgit-Baltistan | Khyber Pakhtunkhwa | Balochistan
50%
Albania 17 Ulcinj | Bar | Podgorica | Andrijevica | Gusinje | Plav | Gjakova | Prizren | Gostivar | Mavrovo and Rostusa | Debar | Centar Zupa | Struga | Vevcani | Ohrid | Western Macedonia | Epirus
50%
Sweden 6 Viken | Innlandet | Trondelag | Nordland | Troms og Finnmark | Lapland
50%
Togo 13 Volta | Oti | Northern | North East | Upper East | Centre-Est | Est | Atakora | Donga | Collines | Zou | Kouffo | Mono
50%
Tanzania 20 Cabo Delgado | Niassa | Northern | Muchinga | Northern | Tanganyika | South Kivu | Makamba | Rutana | Ruyigi | Cankuzo | Muyinga | Eastern | Isingiro | Rakai | Migori | Narok | Kajiado | Taita-Taveta | Kwale
46%
Qatar 1 Eastern Province
45%
Estonia 10 Leningrad | Pskov | Aluksne | Ape | Valka | Naukseni | Rujiena | Mazsalaca | Aloja | Salacgriva
45%
Paraguay 6 Tarija | Chuquisaca | Santa Cruz | Mato Grosso do Sul | Parana | Misiones
45%
Libya 13 Djanet | Illizi | Tataouine | Medenine | Matrouh | New Valley | Northern | North Darfur | Ennedi-Est | Ennedi-Ouest | Borkou | Tibesti | Agadez
44%
Malaysia 10 North Kalimantan | East Kalimantan | West Kalimantan | Songkhla | Yala | Narathiwat | Belait | Tutong | Brunei-Muara | Temburong
44%
Egypt 7 Red Sea | River Nile | Northern | Kufra | Al Wahat | Butnan | Southern
44%
Burundi 6 South Kivu | Western | Southern | Eastern | Kagera | Kigoma
44%
Chile 15 Tierra del Fuego | Santa Cruz | Chubut | Rio Negro | Neuquen | Mendoza | San Juan | La Rioja | Catamarca | Salta | Jujuy | Potosi | Oruro | La Paz | Tacna
44%
Guinea 17 Tombali | Gabu | Kolda | Tambacounda | Kedougou | Kayes | Koulikoro | Sikasso | Denguele | Woroba | Montagnes | Nimba | Bong | Lofa | Eastern | Northern | North West
44%
Iran 35 Basra | Maysan | Wasit | Diyala | Sulaymaniyah | Erbil | Hakkari | Van | Agri | Igdir | Ararat | Sadarak | Sharur | Kangarli | Babek | Julfa | Ordubad | Syunik | Zangilan | Jabrayil | Fizuli | Beylagan | Imishli | Bilasuvar | Jalilabad | Yardymli | Lerik | Astara | Balkan | Ahal | Herat | Farah | Nimruz | Balochistan | Halabja
43%
Myanmar 19 Chittagong | Mizoram | Manipur | Naga | Arunachal Pradesh | Tibet | Yunnan | Luang Namtha | Bokeo | Chiang Rai | Chiang Mai | Mae Hong Son | Tak | Kanchanaburi | Ratchaburi | Phetchaburi | Prachuap Khiri Khan | Chumphon | Ranong
43%
Eritrea 6 Kassala | Red Sea | Obock | Tadjourah | Afar | Tigray
43%
Dominican Republic 4 Nord-Est | Centre | Ouest | Sud-Est
43%
Nigeria 16 Oueme | Plateau | Collines | Borgou | Alibori | Dosso | Tahoua | Maradi | Zinder | Diffa | Lac | Far North | North | Adamawa | Northwest | Southwest
43%
Panama 3 Puntarenas | Limon | Choco
43%
Indonesia 7 Sarawak | Sabah | Oecusse | Bobonaro | Covalima | Sandaun | Western
43%
Ghana 11 Comoe | Zanzan | Sud-Ouest | Centre-Ouest | Centre-Sud | Centre-Est | Savanes | Kara | Centrale | Plateaux | Maritime
42%
Azerbaijan 13 Dagestan | Gilan | Ardabil | East Azerbaijan | West Azerbaijan | Syunik | Vayots Dzor | Ararat | Gegharkunik | Tavush | Kvemo Kartli | Kakheti | Igdir
40%
Central African Republic 18 East | Adamawa | North | Logone Oriental | Mandoul | Moyen-Chari | Salamat | Sila | Central Darfur | South Darfur | Western Bahr el Ghazal | Western Equatoria | Haut-Uele | Bas-Uele | Nord-Ubangi | Sud-Ubangi | Likouala | Sangha
40%
Armenia 23 Igdir | Kars | Ardahan | Samtskhe-Javakheti | Kvemo Kartli | Qazakh | Agstafa | Tovuz | Gadabay | Dashkasan | Kalbajar | Lachin | Qubadli | Zangilan | Ordubad | Julfa | Shahbuz | Babek | Kangarli | Sharur | Sadarak | East Azerbaijan | West Azerbaijan
40%
Ivory Coast 13 Maryland | River Gee | Grand Gedeh | Nimba | Nzerekore | Kankan | Sikasso | Cascades | Sud-Ouest | Savannah | Bono | Western North | Western
40%
Thailand 24 Tanintharyi | Mon | Kayin | Kayah | Shan | Bokeo | Xaignabouli | Vientiane | Vientiane | Bolikhamxai | Khammouan | Savannakhet | Salavan | Champasak | Preah Vihear | Oddar Meanchey | Banteay Meanchey | Battambang | Pailin | Pursat | Kelantan | Perak | Kedah | Perlis
40%
Guyana 6 Bolivar | Delta Amacuro | Nickerie | Sipaliwini | Para | Roraima
38%
Peru 15 El Oro | Loja | Zamora-Chinchipe | Morona Santiago | Pastaza | Orellana | Sucumbios | Putumayo | Amazonas | Amazonas | Acre | Rondonia | Pando | La Paz | Arica and Parinacota
38%
Lesotho 3 Free State | KwaZulu-Natal | Eastern Cape
38%
Niger 21 Gao | Menaka | Kidal | In Guezzam | Tamanghasset | Djanet | Murzuq | Tibesti | Borkou | Kanem | Lac | Borno | Yobe | Jigawa | Katsina | Zamfara | Sokoto | Kebbi | Alibori | Est | Sahel
38%
Belize 4 Izabal | Peten | Campeche | Quintana Roo
38%
Belarus 17 Lublin | Podlaskie | Alytus | Vilnius | Utena | Daugavpils | Kraslava | Dagda | Zilupe | Pskov | Smolensk | Bryansk | Chernihiv | Kiev | Zhytomyr | Rivne | Volyn
38%
Cameroon 22 Cross River | Benue | Taraba | Adamawa | Borno | Lac | Hadjer-Lamis | N'Djamena | Chari-Baguirmi | Mayo-Kebbi Est | Mayo-Kebbi Ouest | Logone Occiental | Logone Oriental | Ouham-Pende | Nana-Mambere | Mambere-Kadei | Sangha-Mbaere | Sangha | Woleu-Ntem | Kie-Ntem | Centro Sur | Litoral
36%
Gabon 12 Kouilou | Niari | Lekoumou | Plateaux | Cuvette | Cuvette-Ouest | Sangha | South | Kie-Ntem | Wele-Nzas | Centro Sur | Litoral
36%
Denmark 1 Schleswig-Holstein
36%
Kuwait 3 Basra | Muthanna | Eastern Province
33%
Ethiopia 29 Eastern Equatoria | Pibor | Jonglei | Upper Nile | Blue Nile | Sennar | Al Qadarif | Kassala | Gash-Barka | Debub | Northern Red Sea | Southern Red Sea | Turkana | Tadjourah | Dikhil | Ali Sabieh | Awdal | Woqooyi Galbeed | Togdheer | Sool | Nugal | Mudug | Galguduud | Hiran | Bakool | Gedo | Mandera | Wajir | Marsabit
33%
Somalia 6 Garissa | Wajir | Mandera | Somali | Ali Sabieh | Arta
33%
Tunisia 8 Illizi | Ouargla | El Oued | Tebessa | Souk Ahras | El Taref | Nuqat al Khams | Nalut
33%
Sierra Leone 7 Kindia | Mamou | Faranah | Nzerekore | Lofa | Gbarpolu | Grand Cape Mount
33%
Benin 14 Maritime | Plateaux | Centrale | Kara | Savanes | Est | Tillaberi | Dosso | Kebbi | Niger | Kwara | Oyo | Ogun | Lagos
33%
Brunei 1 Sarawak
33%
Greece 19 Vlore | Gjirokaster | Korce | Resen | Bitola | Novaci | Prilep | Kavadarci | Gevgelija | Bogdanci | Dojran | Valandovo | Strumica | Novo Selo | Blagoevgrad | Smolyan | Kardzhali | Haskovo | Edirne
33%
Guinea-Bissau 4 Ziguinchor | Sedhiou | Kolda | Boke
33%
Zambia 14 Cuando Cubango | Moxico | Lualaba | Haut-Katanga | Tanganyika | Rukwa | Songwe | Northern | Central | Tete | Mashonaland Central | Matabeleland South | Chobe | Zambezi
30%
Bosnia and Herzegovina 16 Dubrovnik-Neretva | Split-Dalmatia | Sibenik-Knin | Zadar | Lika-Senj | Karlovac | Sisak-Moslavina | Brod-Posavina | Vukovar-Srijem | Srem | Macva | Zlatibor | Pljevlja | Pluzine | Niksic | Herceg Novi
30%
Romania 31 Csongrad | Bekes | Hajdu-Bihar | Szabolcs-Szatmar-Bereg | Zakarpattia | Ivano-Frankivsk | Chernivtsi | Briceni | Edinet | Riscani | Glodeni | Falesti | Ungheni | Nisporeni | Hincesti | Leova | Cantemir | Cahul | Dobrich | Silistra | Ruse | Veliko Tarnovo | Pleven | Vratsa | Montana | Vidin | Bor | Branicevo | South Banat | Central Banat | North Banat
29%
San Marino 2 Emilia-Romagna | Marche
29%
Tajikistan 15 Surxondaryo | Qashqadaryo | Samarqand | Jizzakh | Sirdaryo | Tashkent | Namangan | Fergana | Batken | Osh | Xinjiang Uyghur | Badakhshan | Takhar | Kunduz | Balkh
29%
Lebanon 5 Tartus | Homs | Rif Dimashq | Quneitra | Northern
27%
Kosovo 18 Kukes | Plav | Berane | Rozaje | Raska | Rasina | Toplica | Jablanica | Pcinja | Cucer-Sandevo | Gjorce Petrov | Saraj | Jegunovce | Tearce | Tetovo | Bogovinje | Vrapciste | Gostivar
25%
Uganda 12 North Kivu | Ituri | Central Equatoria | Eastern Equatoria | Turkana | West Pokot | Trans-Nzoia | Bungoma | Busia | Kagera | Eastern | Northern
25%
Equatorial Guinea 3 South | Woleu-Ntem | Estuaire
25%
Senegal 16 Trarza | Brakna | Gorgol | Guidimaka | Kayes | Labe | Boke | Gabu | Bafata | Oio | Cacheu | West Coast | Lower River | Central River | Upper River | North Bank
25%
Bulgaria 22 Eastern Macedonia and Thrace | Central Macedonia | Novo Selo | Berovo | Pehcevo | Delcevo | Makedonska Kamenica | Kriva Palanka | Pcinja | Jablanica | Pirot | Zajecar | Bor | Mehedinti | Dolj | Olt | Teleorman | Giurgiu | Calarasi | Constanta | Kirklareli | Edirne
22%
Nicaragua 8 Choluteca | El Paraiso | Olancho | Gracias a Dios | Limon | Heredia | Alajuela | Guanacaste
20%
Malawi 9 Eastern | Muchinga | Songwe | Mbeya | Njombe | Ruvuma | Niassa | Zambezia | Tete
20%
United Arab Emirates 5 Eastern Province | Ad Dhahirah | Al Buraymi | Al Batinah North | Musandam
20%
Eswatini 3 KwaZulu-Natal | Mpumalanga | Maputo
20%
Cambodia 19 Trat | Chanthaburi | Sa Kaeo | Buriram | Surin | Sisaket | Ubon Ratchathani | Champasak | Attapeu | Kon Tum | Gia Lai | Dak Lak | Dak Nong | Binh Phuoc | Tay Ninh | Long An | Dong Thap | An Giang | Kien Giang
20%
Gambia 7 Fatick | Kaolack | Kaffrine | Tambacounda | Kolda | Sedhiou | Ziguinchor
18%
East Timor 1 East Nusa Tenggara
17%
South Korea 2 Kaesong | Kangwon
17%
Vietnam 21 Kampot | Takeo | Kandal | Prey Veng | Svay Rieng | Tboung Khmum | Kratie | Mondulkiri | Ratanak Kiri | Attapeu | Xekong | Salavan | Savannakhet | Khammouan | Bolikhamxai | Xiangkhouang | Houaphan | Louang Phabang | Phongsali | Yunnan | Guangxi
17%
Angola 15 Kouilou | Niari | Kongo Central | Kwango | Kasai | Kasai-Central | Lualaba | North-Western | Western | Zambezi | Kavango East | Kavango West | Ohangwena | Omusati | Kunene
17%
Haiti 5 Monte Cristi | Dajabon | Elias Pina | Independencia | Pedernales
14%
Burkina Faso 13 Zanzan | Savanes | Sikasso | Segou | Mopti | Tombouctou | Gao | Tillaberi | Alibori | Atakora | Savanes | Upper East | Upper West
14%
Honduras 14 Chiquimula | Zacapa | Izabal | North Caribbean Coast | Jinotega | Nueva Segovia | Madriz | Chinandega | La Union | Morazan | San Miguel | Cabanas | Chalatenango | Santa Ana
13%
Turkmenistan 11 Mangystau | Karakalpakstan | Xorazm | Bukhara | Qashqadaryo | Surxondaryo | Balkh | Jowzjan | Faryab | Badghis | Herat
13%
Mauritania 13 Dakhla-Oued Ed-Dahab | Laayoune-Sakia El Hamra | Guelmim-Oued Noun | Tindouf | Adrar | Taoudenit | Tombouctou | Segou | Koulikoro | Kayes | Tambacounda | Matam | Saint-Louis
10%
Costa Rica 4 Rivas | Rio San Juan | Bocas del Toro | Chiriqui
10%
Liberia 5 Southern | Eastern | Nzerekore | Montagnes | Bas-Sassandra
10%
Rwanda 13 South Kivu | North Kivu | Kisoro | Rubanda | Kabale | Rukiga | Ntungamo | Kagera | Muyinga | Kirundo | Ngozi | Kayanza | Cibitoke
10%
Zimbabwe 10 Central | North-East | Chobe | Southern | Lusaka | Tete | Sofala | Manica | Gaza | Limpopo
0%
Yemen 4 Jizan | Asir | Najran | Dhofar
0%
El Salvador 7 Jutiapa | Chiquimula | Ocotepeque | Lempira | Intibuca | La Paz | Valle
0%
No matching quizzes found
Score Distribution
Percent of People with Each Score
Percentile by Number Answered
Your Score History
You have not taken this quiz